Video Game Geoguessr (#1) - Statistics

General Stats
  • This quiz has been taken 37 times
  • The average score is 3 of 8
Answer Stats
Picture Answer % Correct
Rocket League
94%
Dark Souls
55%
Roblox
48%
Splatoon 2
45%
Legend of Zelda Breath of the Wild
35%
Super Mario Odyssey
35%
Mario Kart 8
26%
Sonic Colors
10%
No matching quizzes found
Score Distribution
Percent of People with Each Score
Percentile by Number Answered
Your Score History
You have not taken this quiz